An investigation into conceptual metaphor denoting love in “the thorn birds” by colleen mccullough and in its vietnamese translational version /
This study mainly focuses on analyzing the conceptual metaphor denoting love in “The Thorn Birds” by Colleen McCullough and in its Vietnamese translational version by Pham Manh Hung, and gives the metaphorical mappings. We investigate the conceptual metaphor denoting the concept of love in the origi...
Uloženo v:
| Hlavní autor: | |
|---|---|
| Další autoři: | |
| Médium: | Kniha |
| Jazyk: | English |
| Vydáno: |
ĐHĐN :
ĐHĐN.
2015
|
| Témata: | |
| Tagy: |
Přidat tag
Žádné tagy, Buďte první, kdo otaguje tento záznam!
|
| Thư viện lưu trữ: | Mạng thư viện Đại học Đà Nẵng |
|---|
| LEADER | 04099cam a22003731a 4500 | ||
|---|---|---|---|
| 001 | 000035457 | ||
| 003 | 11743 | ||
| 005 | 20221209140456.0 | ||
| 008 | 160105s2015 000 eng | ||
| 040 | |a LNN | ||
| 041 | |a eng | ||
| 082 | |a 420.4 |b NG-T | ||
| 100 | |a Nguyễn,Thị Ngọc Trâm | ||
| 245 | 3 | |a An investigation into conceptual metaphor denoting love in “the thorn birds” by colleen mccullough and in its vietnamese translational version / |c Nguyễn Thị Ngọc Trâm; Phan Văn Hòa supervisor. | |
| 260 | |c 2015 |a ĐHĐN : |b ĐHĐN. | ||
| 300 | |a 93tr . : ; |c 30cm+. | ||
| 520 | |a This study mainly focuses on analyzing the conceptual metaphor denoting love in “The Thorn Birds” by Colleen McCullough and in its Vietnamese translational version by Pham Manh Hung, and gives the metaphorical mappings. We investigate the conceptual metaphor denoting the concept of love in the original novel and in Vietnamese translational version based on the theory of conceptual metaphor and we categorize the conceptual metaphor of love into groups and analyze the conceptual metaphor in term of meaning and structure mapping. The metaphorical mapping such as love is an entity, a war, fire, a natural force, a physical force, rapture/ a high, insanity and a fluid in a container will be analyzed in our study. And we find out the similar expressions of conceptual metaphor denoting love in the original novel and in the translational version, give the differences about syntactic features of conceptual metaphor denoting love in two languages.This study also suggests some implications for learners and readers. This helps learner have the best way to learn how and when the love from context because conceptual metaphor denoting love denotes more than one emotional state and understand conceptual metaphor not only in literature but also in the life. | ||
| 650 | |a conceptual metaphor denoting love in “the thorn birds” by colleen mccullough and in its vietnamese translational version | ||
| 653 | |a conceptual metaphor denoting |a vietnamese translational version | ||
| 700 | |a Phan Văn Hòa |e supervisor | ||
| OWN | |a LNN | ||
| 902 | |a Luận văn thạc sĩ | ||
| AVA | |a UDN50 |b LNN |c English |d 420.4 NG-T |e available |t Error 5001 Not defined in file expand_doc_bib_avail. |f 1 |g 0 |h N |i 0 |j AN |k 1 | ||
| Z40 | 3 | |y An investigation into conceptual metaphor denoting love in “the thorn birds” by colleen mccullou |l Library of UFL |t VIEW |x http://catalog.udn.vn:80/F?func=service&doc_library=UDN01&local_base=UDN01&doc_number=000035457&sequence=000001&line_number=0001&func_code=DB_RECORDS&service_type=MEDIA |f TOMTATLUANVAN_000011776.pdf |e pdf |s 000355775 |k 20210806 |m NTMTHI | |
| Z40 | 3 | |y An investigation into conceptual metaphor denoting love in “the thorn birds” by colleen mccullou |l Library of UFL |t VIEW |x http://catalog.udn.vn:80/F?func=service&doc_library=UDN01&local_base=UDN01&doc_number=000035457&sequence=000002&line_number=0002&func_code=DB_RECORDS&service_type=MEDIA |f LUANVAN_000011778.pdf |e pdf |s 000957733 |k 20210806 |m NTMTHI | |
| 999 | |a From the UDN01 | ||
| AVA | |a UDN50 |b LNN |c English |d 420.4 NG-T |e available |t Error 5001 Not defined in file expand_doc_bib_avail. |f 1 |g 0 |h N |i 0 |j AN |k 1 | ||
| TYP | |a Monograph | ||
| TYP | |a Printed language | ||
| 856 | |y An investigation into conceptual metaphor denoting love in “the thorn birds” by colleen mccullou |l Library of UFL |t VIEW |x http://catalog.udn.vn:80/F?func=service&doc_library=UDN01&local_base=UDN01&doc_number=000035457&sequence=000001&line_number=0001&func_code=DB_RECORDS&service_type=MEDIA |f TOMTATLUANVAN_000011776.pdf |e pdf |s 000355775 |k 20210806 |m NTMTHI | ||
| 856 | |y An investigation into conceptual metaphor denoting love in “the thorn birds” by colleen mccullou |l Library of UFL |t VIEW |x http://catalog.udn.vn:80/F?func=service&doc_library=UDN01&local_base=UDN01&doc_number=000035457&sequence=000002&line_number=0002&func_code=DB_RECORDS&service_type=MEDIA |f LUANVAN_000011778.pdf |e pdf |s 000957733 |k 20210806 |m NTMTHI | ||
| 980 | |a Mạng thư viện Đại học Đà Nẵng | ||